Glass as a building material : glass use and energy consumption in Ghana. a case of Denkyemuoso-Techiman new site, Kumasi (Record no. 376)

MARC details
000 -LEADER
fixed length control field 00562nam a2200169Ia 4500
008 - FIXED-LENGTH DATA ELEMENTS--GENERAL INFORMATION
fixed length control field 240428s9999||||xx |||||||||||||| ||und||
020 ## - INTERNATIONAL STANDARD BOOK NUMBER
International Standard Book Number 9783659335563
041 ## - LANGUAGE CODE
Language code of text/sound track or separate title eng
082 ## - DEWEY DECIMAL CLASSIFICATION NUMBER
Classification number diag., illust.,graph, tabs.
100 ## - MAIN ENTRY--PERSONAL NAME
Personal name Ofori-Darko, Jacob
245 #0 - TITLE STATEMENT
Title Glass as a building material : glass use and energy consumption in Ghana. a case of Denkyemuoso-Techiman new site, Kumasi
260 ## - PUBLICATION, DISTRIBUTION, ETC.
Name of publisher, distributor, etc. Lambert Academic Pub.
Place of publication, distribution, etc. Saarbrucken
Date of publication, distribution, etc. 2013
300 ## - PHYSICAL DESCRIPTION
Extent 103p.;
650 ## - SUBJECT ADDED ENTRY--TOPICAL TERM
Topical term or geographic name entry element Sophisticated building - Ghana - Glass Building - Ghana
942 ## - ADDED ENTRY ELEMENTS (KOHA)
Koha item type Books
Holdings
Withdrawn status Lost status Damaged status Not for loan Home library Current library Shelving location Date acquired Total checkouts Full call number Date last seen Copy number Price effective from Koha item type
        Main Library Main Library Open Shelves 13/10/2021   691.6-O 1343 C1 - 691.6-O 1345 C2 29/04/2024 1 29/04/2024 Books
©2026  Parliament of Ghana Library - All rights reserved